01855nam a22003617a 4500003000900000005001700009008004100026020001800067040004300085082002200128100004100150245060700191250002000798264003700818300004500855336002600900337002800926338002700954500002100981500002501002650003001027650002801057650004201085653002301127655002401150700003001174700003401204700004001238700003201278942001201310999001701322952015401339EG-ScBUE20220302103549.0200219s2021 ii a f 001 0 eng d a9789354243158 aEG-ScBUEbengerdacEG-ScBUEdEG-ScBUE04222a621.3822bHAY1 aHaykin, Simon S.,‏d1931-eauthor.10aSignals and systems :ban Indian adaptation /cSimon Haykin, McMaster University, Canada, Barry Van Veen, University of Wisconsin, USA, content contribution for Indian adaptation by Sandeep Kumar, assistant professor, Department of Electronics and Communication Engineering, National Institute of Technology Delhi, Gaurav Singh Baghel, assistant professor, Department of Electronics and Communication Engineering, National Institute of Technology Silchar, Assam, M. V. Swati, assistant professor, Department of Electronics and Communication Engineering, National Institute of Technology Silchar, Assam. aSecond edition. 1aNew Delhi :bWiley India,c2021. axxi, 790 pages :billustrations ;c30 cm 2rdacontentatextbtxt 2rdamediaaunmediatedbn 2rdacarrieravolumebnc aIncludes index.  aIncludes Appendices. 7aSignal processing.2BUEsh 7aSystem analysis.2BUEsh 7aLinear time invariant systems.2BUEsh bGGENcFebruary2022 vReading book9342321 aVan Veen, Barry,eauthor.1 aKumar, Sandeep,econtributor.1 aBaghel, Gaurav Singh,econtributor.1 aSwati, M. V.,econtributor. 2ddccBB c29812d29783 00102ddc40708AlahramaMAINbMAINc1STd2022-03-02ePurchaseg439.00h281l0o621.3822 HAYp000056171r2025-07-15 00:00:00v548.75w2022-03-02yBB